Essays on cellular automata /
Guardado en:
| Otros Autores: | |
|---|---|
| Formato: | Libro |
| Idioma: | English |
| Publicado: |
Urbana, [Ill.] :
University of Illinois Press,
c1970.
|
| Etiquetas: |
Agregar Etiqueta
Sin Etiquetas, Sea el primero en etiquetar este registro!
|
| LEADER | 02083cam a22002175a 4500 | ||
|---|---|---|---|
| 001 | MAT.inmabb002434 | ||
| 008 | 701209s1970####ilua#####b####001#0#eng#d | ||
| 005 | 20160606174406.0 | ||
| 245 | 0 | 0 | |a Essays on cellular automata / |c edited by Arthur W. Burks. |
| 260 | |a Urbana, [Ill.] : |b University of Illinois Press, |c c1970. | ||
| 300 | |a xxvi, 375 p. : |b il. ; |c 24 cm. | ||
| 500 | |a "Fifteen essays, five of which have not been published before." | ||
| 500 | |a Intended as a companion volume to: Theory of self-reproducing automata / John von Neumann ; edited and completed by Arthur W. Burks. Urbana : University of Illinois Press, 1966. | ||
| 505 | 0 | 0 | |t Introduction / |r A. W. Burks -- |t Von Neumann's self-reproducing automata / |r A. W. Burks -- |t Programming and the theory of automata / |r A. W. Burks -- |t Toward a theory of automata based on more realistic primitive elements / |r A. W. Burks -- |t Self-describing Turing machines and self-reproducing cellular automata / |r J. W. Thatcher -- |t Universality in the von Neumann cellular model / |r J. W. Thatcher -- |t Machine models of self-reproduction / |r E. F. Moore -- |t The converse of Moore's Garden-of-Eden theorem / |r J. Myhill -- |t The abstract theory of self-reproduction / |r J. Myhill -- |t On some mathematical problems connected with patterns of growth of figures / |r S. M. Ulam -- |t On recursively defined geometrical objects and patterns of growth / |r R. G. Schrandt and S. M. Ulam -- |t Nonlinear transformation studies on electronic computers / |r P. R. Stein and S. M. Ulam -- |t A universal computer capable of executing an arbitrary number of subprograms simultaneously / |r J. H. Holland -- |t Iterative circuit computers / |r J. H. Holland -- |t Outline for a logical theory of adaptive systems / |r J. H. Holland -- |t Hierarchical descriptions, universal spaces, and adaptive systems / |r J. H. Holland. |
| 504 | |a Bibliografía: p. [354]-368. | ||
| 510 | 4 | |a MR, |c 45 #8457 | |
| 020 | |a 0252000234 | ||
| 700 | 1 | |a Burks, Arthur W. |q (Arthur Walter), |d 1915- |4 edt | |
| 084 | |a 68Q80 (68-06) |2 msc2000 | ||
| 010 | |a 71083547 | ||
| 859 | |h 68 |i Es78 |p A-4117 |b BIB. MATEMATICA | ||
